Introduction to probability and statistics for engineers and scientists
Сохранить в:
| Главный автор: | |
|---|---|
| Формат: | |
| Язык: | английский |
| Опубликовано: |
San Diego
Elsevier Science
2000
|
| Редактирование: | 2a. ed |
| Предметы: | |
| Метки: |
Добавить метку
Нет меток, Требуется 1-ая метка записи!
|
MARC
| LEADER | 00000nam a2200000 a 4500 | ||
|---|---|---|---|
| 001 | UCK0025 | ||
| 003 | CL-VaPUC | ||
| 008 | 040910e20000000US |||||||||||||||||eng|d | ||
| 020 | |a 0125984723 | ||
| 082 | 0 | 4 | |a 519.2 |b ROS |2 21 |
| 100 | 0 | |a Ross, Sheldon M |e author |9 487950 | |
| 245 | 1 | 0 | |a Introduction to probability and statistics for engineers and scientists |
| 250 | |a 2a. ed | ||
| 300 | |a 578 p | ||
| 942 | |c BK | ||
| 945 | |d 20040910 00:00:00 |a cmena | ||
| 260 | |a San Diego |b Elsevier Science |c 2000 | ||
| 500 | |a Incluye Cd-Rom | ||
| 650 | 0 | |a Estadística matemática |9 260028 | |
| 650 | 0 | |a Teoría de probabilidades |9 336944 | |
| 650 | 0 | |a Toma de decisiones |9 257530 | |
| 583 | |a last modification |c 20040910 00:00:00 |k Rodrigo Vera | ||
| 999 | |c 310599 |d 310597 | ||
| 952 | |0 0 |1 0 |4 0 |6 519_200000000000000_ROS_2000 |7 0 |8 A |9 379284 |a BIBGIM |b BIBGIM |d 2019-11-21 |i 4062485 |o 519.2 ROS 2000 |p 4062485 |r 2025-01-15 |w 2019-11-21 |y BK |k EST | ||